Statistics for Most Mentioned Bible Characters Quiz

Click here to take the quiz!

General Stats

  • This quiz has been taken 94,628 times
    (94,606 since last reset)
  • The average score is 13 of 50

Answer Stats

#Person% Correct
1370Jesus
99%
87John
83%
784Moses
79%
206Peter
76%
186Joseph
75%
173Paul
73%
278Abraham
71%
968David
71%
47Noah
61%
274Solomon
52%
516Jacob
51%
335Saul
48%
122Isaac
45%
77Daniel
37%
192Joshua
35%
49Sarah
34%
57Isaiah
34%
333Aaron
31%
91Elijah
29%
121Samuel
28%
124Jeremiah
27%
56Pilate
21%
81Esau
20%
99Judah
19%
51Benjamin
18%
44Rachel
16%
44Levi
14%
88Nebuchadnezzar
13%
83Jonathan
10%
46Reuben
9%
79Ahab
7%
52Gideon
7%
49Josiah
7%
43Jesse
7%
117Hezekiah
6%
121Joab
5%
79Jeroboam
4%
67Jehoshaphat
4%
69Manasseh
4%
92Absalom
4%
53Asa
3%
53Abner
2%
59Balaam
2%
46Jehu
2%
42Zadok
2%
41Balak
2%
54Zedekiah
1%
61Eleazar
1%
42Jehoash
1%
41Jehoiakim
1%

Score Distribution

Percentile by Number Answered

Percent of People with Each Score

Your Score History

You have not taken this quiz since the last reset